| 000 | 00424 a2200157 4500 | ||
|---|---|---|---|
| 020 | _a8122416829 | ||
| 040 |
_aDLC _bDLC |
||
| 082 | _a530.41 | ||
| 100 | _aPillai, S.O. | ||
| 245 |
_aSolid State Physics _cS.O. Pillai |
||
| 260 |
_aNew Delhi : _bNew Age International (P) Ltd. _c2006. |
||
| 300 |
_axxii, 819 p. : _bill. ; _c24 cm. |
||
| 500 | _aIncludes Index | ||
| 650 | _aSolid state physics. | ||
| 942 |
_cBK _k530.41 PIL _2ddc |
||
| 999 |
_c7824 _d7824 |
||